00742nam a2200193 i 4500001000700000003000900007005001700016008004100033040002000074100002800094245009100122250001300213260007000226300004400296651002800340852003600368999001900404952012500423162907ES-MaACL20230906212628.0050707s1900 fr |||| | fre d aCAM bspa cCAM1 aRambaud, Alfred.99507010aHistoire de la Russie b: depuis les origines jusqu'a nos jours /cpar Alfred Rambaud. a5e éd. aParis : blibraire Hachette et Cie., c1900 (fImprimerie Lahure) a922 p., [6] h. de map. pleg. ; c19 cm. 4aRusia-xHistoria.99330 aES-MaACLjF-8172 z-- Enc. hol. c162907d162907 001040708LIBXIXaATENEOMbATENEOMcSPP2d2008-01-17eSSCl0oF-8172p1170687r2023-02-23 00:00:00w2023-02-23yMONANT